LEADER 03442nam 2200757 a 450 001 9910457423503321 005 20120109171919.0 010 $a1-78268-082-9 010 $a1-283-89298-7 010 $a1-60649-263-2 024 7 $a10.4128/9781606492635 035 $a(CKB)2550000000086050 035 $a(EBL)876643 035 $a(OCoLC)772396561 035 $a(SSID)ssj0000626343 035 $a(PQKBManifestationID)11420351 035 $a(PQKBTitleCode)TC0000626343 035 $a(PQKBWorkID)10658729 035 $a(PQKB)10066273 035 $a(CaBNVSL)swl00400345 035 $a(MiAaPQ)EBC876643 035 $a(Au-PeEL)EBL876643 035 $a(CaPaEBR)ebr10522196 035 $a(CaONFJC)MIL420548 035 $a(EXLCZ)992550000000086050 071 53$a2$bBEP 100 $a20111226d2012 fy 0 101 0 $aeng 135 $aur|n|---||||| 181 $ctxt 182 $cc 183 $acr 200 10$aManaging commodity price risk$b[electronic resource] $ea supply chain perspective /$fGeorge A. Zsidisin, Janet L. Hartley 205 $a1st ed. 210 $a[New York, N.Y.] (222 East 46th Street, New York, NY 10017) $cBusiness Expert Press$dc2012 215 $a1 online resource (124 p.) 225 1 $aSupply and operations management collection,$x2156-8200 300 $aDescription based upon print version of record. 311 $a1-60649-262-4 320 $aIncludes bibliographical references (p. 99-110) and index. 327 $a1. Introduction to commodity price risk management -- 2. Forecasting short-term commodity prices -- 3. Forecasting long-term commodity prices -- 4. Assessing price risk exposure and risk tolerance -- 5. Creating a commodity price risk management strategy -- 6. Currency rate volatility and small and medium enterprises -- Notes -- References -- Index. 330 3 $aEvery business is exposed to financial risk stemming from commodity price volatility. Risk exposure may be direct from the prices paid for raw materials transformed into products sold to customers or indirect from higher energy and transportation costs. The purpose of this book is to provide an approach that organizations can implement and adapt for managing commodity price volatility and reducing their exposure to financial risk associated with purchased goods and services. This topic is important for current and future supply chain professionals due to the significant direct financial effects that price volatility has on profitability, organizational cash flow, the ability to competitively price products, new product design, buyer-supplier relationships, and the negotiation process. 410 0$aSupply and operations management collection.$x2156-8200 606 $aPrices 606 $aBusiness logistics 606 $aFinancial risk management 608 $aElectronic books. 610 $aCommodity analysis 610 $aprice volatility 610 $arisk management 610 $ahedging 610 $aforecasting 610 $amarket analysis 615 0$aPrices. 615 0$aBusiness logistics. 615 0$aFinancial risk management. 676 $a658.7 700 $aZsidisin$b George A$0900807 701 $aHartley$b Janet L$0900808 801 0$bMiAaPQ 801 1$bMiAaPQ 801 2$bMiAaPQ 906 $aBOOK 912 $a9910457423503321 996 $aManaging commodity price risk$92013235 997 $aUNINA LEADER 04123nam 2200613 450 001 9910823479103321 005 20230807221313.0 010 $a1-4625-2213-0 010 $a1-4625-2256-4 010 $a1-4625-2216-5 035 $a(CKB)3710000000454642 035 $a(EBL)2030072 035 $a(OCoLC)915134651 035 $a(SSID)ssj0001532201 035 $a(PQKBManifestationID)12575704 035 $a(PQKBTitleCode)TC0001532201 035 $a(PQKBWorkID)11473862 035 $a(PQKB)10593486 035 $a(MiAaPQ)EBC2030072 035 $a(Au-PeEL)EBL2030072 035 $a(CaPaEBR)ebr11082346 035 $a(CaONFJC)MIL817690 035 $a(EXLCZ)993710000000454642 100 $a20150804h20152015 uy 0 101 0 $aeng 135 $aur|n|---||||| 181 $ctxt 182 $cc 183 $acr 200 00$aHandbook of infant biopsychosocial development /$fedited by Susan D. Calkins 210 1$aNew York, New York ;$aLondon, England :$cThe Guilford Press,$d2015. 210 4$dİ2015 215 $a1 online resource (498 p.) 300 $aDescription based upon print version of record. 311 $a1-4625-2212-2 320 $aIncludes bibliographical references at the end of each chapters and index. 327 $aCover; Half Title Page; Title Page; Copyright; About the Editor; Contributors; Preface; Contents; Part I. Setting the Stage; 1. Introduction to the Volume: Seeing Infant Development through a Biopsychosocial Lens; 2. Gilbert Gottlieb and the Biopsychosocial Perspective on Developmental Issues; Part II. Perceptual and Cognitive Processes; 3. Introduction to Part II: Bringing the Field of Infant Cognition and Perception toward a Biopsychosocial Perspective; 4. A Biopsychosocial Perspective on Looking Behavior in Infancy; 5. Biopsychosocial Perspectives on the Development of Attentionin Infancy 327 $a6. The Development and Brain Mechanisms of Joint Attention7. The Development of Declarative Memory in Infancy and Implications for Social Learning; 8. Infant Word Learning in Biopsychosocial Perspective; Part III. Social and Emotional Processes; 9. Introduction to Part III: Reweaving the Strands-Biology, Behavior, Context; 10. A Psychobiological Perspective on Emotional Development within the Family Context; 11. A Biopsychosocial Framework for Infant Temperament and Socioemotional Development; 12. Genetic Correlates of Early Maternal Caregiving 327 $a13. A Biopsychosocial Perspective on Synchrony and the Development of Human Parental CarePart IV. Adversity and Risk: Implications for Infant Development; 14. Introduction to Part IV: Current Directions in the Study of Risk and Adversity in Infancy; 15. Adversity in Early Social Relationships; 16. The Social Ecology of Infant Sleep: Structural and Qualitative Features of Bedtime and Nighttime Parenting and Infant Sleep in the First Year; 17. Infant Vulnerability to Psychopathology; Part V. The Future of Infancy Research 327 $a18. An Interdisciplinary Biopsychosocial Perspective on Psychological DevelopmentAuthor Index; Subject Index 330 $aThe first two years of life are a period of unparalleled growth and change. Within a state-of-the-art biopsychosocial framework, this innovative volume explores the multiple contexts of infant development--the ways in which genes, neurobiology, behavior, and environment interact and shape each other over time. Methods for disentangling, measuring, and analyzing complex, nonlinear developmental processes are presented. Contributors explore influences on the infant's growth in major domains, including cognitive and socioemotional functioning and mental health. The consequences of family stress, 606 $aInfants$xDevelopment 606 $aInfants$xGrowth 615 0$aInfants$xDevelopment. 615 0$aInfants$xGrowth. 676 $a305.232 702 $aCalkins$b Susan D. 801 0$bMiAaPQ 801 1$bMiAaPQ 801 2$bMiAaPQ 906 $aBOOK 912 $a9910823479103321 996 $aHandbook of infant biopsychosocial development$93941373 997 $aUNINA